Ujray diyar (Urdu)/ (Record no. 86987)
[ view plain ]
| 000 -LEADER | |
|---|---|
| fixed length control field | 00446nam a2200181Ia 4500 |
| 001 - CONTROL NUMBER | |
| control field | 73843 |
| 008 - FIXED-LENGTH DATA ELEMENTS--GENERAL INFORMATION | |
| fixed length control field | 160804s9999||||xx |||||||||||||| ||und|| |
| 020 ## - INTERNATIONAL STANDARD BOOK NUMBER | |
| International Standard Book Number | 9789696520214 |
| 040 ## - CATALOGING SOURCE | |
| Transcribing agency | PK-LaUMT |
| 082 ## - DEWEY DECIMAL CLASSIFICATION NUMBER | |
| Classification number | 891.4393 |
| Item number | TOR-U |
| 100 ## - MAIN ENTRY--PERSONAL NAME | |
| Personal name | Toris, Intavenu |
| 245 ## - TITLE STATEMENT | |
| Title | Ujray diyar (Urdu)/ |
| Statement of responsibility, etc | Toris, Intavenu|Huma Anwar |
| 260 ## - PUBLICATION, DISTRIBUTION, ETC. (IMPRINT) | |
| Place of publication, distribution, etc | Lahore: |
| Name of publisher, distributor, etc | Jang Publishers, |
| Date of publication, distribution, etc | 2015 |
| 300 ## - PHYSICAL DESCRIPTION | |
| Extent | 224 p. |
| 546 ## - LANGUAGE NOTE | |
| Language note | UR |
| 700 ## - ADDED ENTRY--PERSONAL NAME | |
| Personal name | Huma Anwar |
| 942 ## - ADDED ENTRY ELEMENTS (KOHA) | |
| Koha item type | Books |
| Withdrawn status | Lost status | Damaged status | Not for loan | Home library | Current library | Date acquired | Total Checkouts | Full call number | Barcode | Date last seen | Date checked out | Price effective from | Koha item type |
|---|---|---|---|---|---|---|---|---|---|---|---|---|---|
| UMT Main Campus | UMT Main Campus | 2016-04-08 | 5 | 891.4393 TOR-U | 101030 | 2021-03-06 | 2021-02-27 | 2016-08-04 | Books |
